25 personnages historiques (de guerre) - Statistiques

Statistiques générales
  • Ce quiz a été pris 50 fois
  • Le résultat moyen est 7 sur 25
Statistiques - réponses
Par images Réponse % Correct
Charles de Gaulle
98%
Napoléon Bonaparte
72%
Jules César
67%
Gengis Khan
56%
Alexandre le Grand
51%
Eisenhower
40%
MacArthur
35%
George Washington
28%
Soliman le Magnifique
28%
Erwin Rommel
23%
Richard Cœur de Lion
23%
Saladin
23%
Charles Quint
21%
Ferdinand Foch
16%
Joffre
16%
Michel Ney
16%
Hannibal Barca
14%
Murat
14%
Davout
12%
Guillaume le conquérant
12%
Bernadotte
9%
Trajan
7%
Scipion l’Africain
5%
Yi Sun-sin
2%
Alexander Suvorov
0%
Aucun quiz correspondant
Distribution des résultats
% des personnes avec chaque résultat
Percentile par nombre de réponses
Votre historique - résultats
Vous n’avez pas pris ce quiz